| 000 | 01178nmc a2200385 a 4500 | ||
|---|---|---|---|
| 003 | AR-BaBNM | ||
| 005 | 20251128204926.0 | ||
| 008 | 011101s1993 ||||||||||||||000 | spa|| | ||
| 020 | _a84-277-1008-9 | ||
| 040 | _cAR-BaBNM | ||
| 100 | 1 | _aGupta, Rajinder M. | |
| 245 | 1 | 0 |
_aAsesoramiento y apoyo psicopedagógico _bestrategias prácticas de intervención educativa |
| 260 |
_aMadrid _bNarcea _c1993 |
||
| 300 | 0 | _a222 p. | |
| 490 | 0 | _aEducación hoy. Estudios | |
| 500 | 0 | _aIndice de nombres: p. 213-216 | |
| 500 | 0 | _aIndice temático: p. 217-219 | |
| 504 | _aLa bibliografía se encuentra al final de cada capítulo | ||
| 650 | 4 | _aSERVICIOS DE ORIENTACION | |
| 650 | 4 | _aESCUELAS PRIMARIAS | |
| 650 | 4 | _aESCUELAS SECUNDARIAS | |
| 650 | 4 | _aCOMPORTAMIENTO DEL ALUMNO | |
| 650 | 4 | _aCOMPORTAMIENTO AFECTIVO | |
| 650 | 4 | _aFOBIAS | |
| 650 | 4 | _aDIFICULTADES EN EL APRENDIZAJE | |
| 650 | 4 | _aPSICOLOGIA DEL NINO | |
| 650 | 4 | _aPSICOLOGIA DEL ADOLESCENTE | |
| 650 | 4 | _aTECNICAS DIDACTICAS | |
| 651 | 4 | _aReino Unido | |
| 653 | _aGABINETES PSICOPEDAGOGICOS | ||
| 653 | _aORIENTACION EDUCATIVA | ||
| 700 | 1 | _aCoxhead, Peter | |
| 942 | _cBK | ||
| 998 | _csilvi | ||
| 999 |
_c9357 _d9357 |
||